| 000 | 00857cam a22002653a 4500 | ||
|---|---|---|---|
| 001 | 14909 | ||
| 003 | PGUSA | ||
| 005 | 20140828083323.0 | ||
| 008 | 050204s2005||||xxu|||||s|||||000 1 eng d | ||
| 040 |
_aPGUSA _beng |
||
| 042 | _adc | ||
| 050 | 4 | _aPZ | |
| 100 | 1 |
_aFinley, Martha, _d1828-1909 |
|
| 245 | 1 | 0 |
_aElsie's New Relations : _bWhat They Did and How They Fared at Ion; A Sequel to Grandmother Elsie _h[electronic resource] / _cMartha Finley |
| 260 |
_bProject Gutenberg, _c2005 |
||
| 506 | _aPublic domain in the USA. | ||
| 516 | _aElectronic text | ||
| 653 | _aChristian life -- Juvenile fiction | ||
| 653 | _aReligious fiction | ||
| 653 | _aDinsmore, Elsie (Fictitious character) -- Juvenile fiction | ||
| 653 | _aDomestic fiction | ||
| 830 | 0 |
_aProject Gutenberg _v14909 |
|
| 856 | 4 | 0 | _uhttp://www.gutenberg.org/ebooks/14909 |
| 942 | _cEB | ||
| 999 |
_c244164 _d244164 |
||